| 000 | 00704nam a22002177a 4500 | ||
|---|---|---|---|
| 999 |
_c10115 _d10115 |
||
| 003 | AR-CdUCM | ||
| 008 | 190329b ||||| |||| 00| 0 spa d | ||
| 020 | _a968-16-6181-8 | ||
| 040 |
_aMUNICIPALIDAD PROVINCIAL DEL CUSCO _cBIBLIOTECA MUNICIPAL DEL CUSCO |
||
| 082 |
_aSI-0143 / _bLEÑ / tra |
||
| 100 |
_aLeñero, Carmen _926779 |
||
| 245 | _a¡Es una traviesa esa raya! | ||
| 260 |
_aMéxico : _bFondo de Cultura Económica, _c2001. |
||
| 300 |
_bIlustraciones. _c29 cm. |
||
| 500 | _aPáginas sin numeración. | ||
| 650 |
_aLiteratura Infantil _9588 |
||
| 650 |
_aSiglo XXI _92856 |
||
| 700 |
_aEnriquez, Luis Fernando (ilustraciones) _926780 |
||
| 942 |
_2ddc _cLIBROS |
||
| 945 |
_apjha _d2019-05-14 |
||